Lady Gaga Songs by Album - Statistics

General Stats
  • This quiz has been taken 1,491 times
    1,250 since last reset
  • The average score is 65 of 104
Answer Stats
Album Information Answer % Correct
The Fame Track #1 Just Dance
92%
The Fame Track #4 Poker Face
91%
Born This Way Track #2 Born This Way
90%
The Fame Monster Track #1 Bad Romance
89%
The Fame Track #3 Paparazzi
88%
The Fame Monster Track #2 Alejandro
86%
The Fame Track #2 LoveGame
85%
MAYHEM Track #2 Abracadabra
84%
Born This Way Track #4 Judas
84%
The Fame Monster Track #6 Telephone
84%
ARTPOP Track #15 Applause
82%
ARTPOP Track #8 Artpop
82%
MAYHEM Track #1 Disease
80%
ARTPOP Track #3 G.U.Y.
80%
The Fame Monster Track #3 Monster
80%
ARTPOP Track #2 Venus
79%
ARTPOP Track #1 Aura
78%
The Fame Track #7 The Fame
78%
Joanne Track #3 Joanne
77%
Joanne Track #2 A-Yo
75%
MAYHEM Track #3 Garden of Eden
75%
Born This Way Track #1 Marry the Night
75%
Chromatica Track #4 Rain on Me
74%
The Fame Monster Track #8 Teeth
74%
Born This Way Track #17 The Edge of Glory
74%
The Fame Monster Track #5 Dance in the Dark
72%
The Fame Track #14 Summerboy
72%
Chromatica Track #8 911
71%
MAYHEM Track #14 Die With a Smile
70%
Chromatica Track #2 Alice
69%
ARTPOP Track #11 Fashion
69%
Joanne Track #7 Million Reasons
69%
MAYHEM Track #4 Perfect Celebrity
69%
The Fame Monster Track #4 Speechless
69%
MAYHEM Track #7 Zombieboy
68%
ARTPOP Track #10 Donatella
67%
Born This Way Track #6 Hair
67%
Born This Way Track #7 Scheiße
67%
The Fame Monster Track #7 So Happy I Could Die
67%
The Fame Track #6 Beautiful, Dirty, Rich
66%
Born This Way Track #8 Bloody Mary
66%
ARTPOP Track #9 Swine
65%
MAYHEM Track #5 Vanish Into You
65%
The Fame Track #12 Brown Eyes
64%
Chromatica Track #3 Stupid Love
64%
The Fame Track #15 Disco Heaven
63%
Born This Way Track #3 Government Hooker
63%
Joanne Track #4 John Wayne
63%
Joanne Track #6 Perfect Illusion
63%
ARTPOP Track #4 Sexxx Dreams
63%
Born This Way Track #5 Americano
62%
MAYHEM Track #13 Blade of Grass
62%
The Fame Track #10 Boys Boys Boys
62%
The Fame Track #5 Eh, Eh (Nothing Else I Can Say)
62%
ARTPOP Track #14 Gypsy
62%
Born This Way Track #16 Yoü and I
62%
Chromatica Track #1 Chromatica I
61%
ARTPOP Track #13 Dope
61%
Born This Way Track #13 Heavy Metal Lover
61%
MAYHEM Track #6 Killah
61%
ARTPOP Track #12 Mary Jane Holland
61%
The Fame Track #8 Money Honey
61%
MAYHEM Track #12 The Beast
61%
Chromatica Track #16 Babylon
60%
Born This Way Track #9 Black Jesus + Amen Fashion
60%
Chromatica Track #7 Chromatica II
60%
MAYHEM Track #8 LoveDrug
60%
ARTPOP Track #6 MANiCURE
60%
MAYHEM Track #11 Shadow of a Man
59%
No Album 2017 Non-Album Single The Cure
59%
Chromatica Track #13 Chromatica III
58%
Born This Way Track #12 Highway Unicorn (Road to Love)
58%
ARTPOP Track #5 Jewels N' Drugs
58%
The Fame Track #9 Starstruck
57%
Joanne Track #1 Diamond Heart
56%
Chromatica Track #10 Sour Candy
56%
Chromatica Track #15 1000 Doves
55%
Born This Way Track #14 Electric Chapel
55%
MAYHEM Target Special Edition Track Kill For Love
54%
The Fame Track #11 Paper Gangsta
54%
Chromatica Track #12 Replay
54%
Joanne Track #11 Angel Down
53%
Chromatica Track #14 Sine From Above
53%
Born This Way Track #15 The Queen
53%
MAYHEM Track #10 Don't Call Tonight
51%
Born This Way Track #10 Bad Kids
50%
MAYHEM Gaga Webstore Exclusive Track Can't Stop the High
50%
MAYHEM Track #9 How Bad Do U Want Me
50%
ARTPOP Track #7 Do What U Want
49%
The Fame Track #13 I Like It Rough
49%
Joanne Track #5 Dancin' in Circles
48%
Chromatica Track #11 Enigma
46%
Chromatica Track #5 Free Woman
45%
Joanne Track #9 Come to Mama
44%
Born This Way Track #11 Fashion of His Love
44%
Chromatica Track #6 Fun Tonight
44%
Joanne Track #10 Hey Girl
44%
Chromatica Track #9 Plastic Doll
42%
Joanne Track #12 Grigio Girls
40%
Joanne Track #8 Sinner's Prayer
35%
Joanne Track #13 Just Another Day
31%
No Album 2015 Non-Album Single Till It Happens to You
21%
Joanne Track #14 Angel Down (Work Tape)
19%
Chromatica Track #17 Love Me Right
17%
No matching quizzes found
Score Distribution
Percent of People with Each Score
Percentile by Number Answered
Your Score History
You have not taken this quiz since the last reset